000 00316nam a2200109Ia 4500
008 171211s9999 xx 000 0 und d
245 _aThai-Boxen, der Vollkontakt-Kampfsport aus Asien
245 _cZoran Rebac
260 _c2000
650 _xMartial Arts
856 _uhttp://down.ebook777.com/055/9783878920519.pdf
999 _c348229
_d348229